000 00779nam a2200181Ia 4500
008 100920s9999 xx 000 0 und d
082 _b53717
_a24 थ 88
100 _aभोळे भास्कर लक्ष्मण.
245 _aयशवंतराव चव्हाण राजकारण आणि साहित्य.
260 _bसाकेत प्रकाशन,औरंगाबाद.
_c1988
300 _a152
_bसाधी
365 _b40
520 _aसायो.
630 _aयशवंतराव चव्हाण राजकारण आणि साहित्य.
650 _aसायो.
730 _aयशवंतराव चव्हाण राजकारण आणि साहित्य.
942 _cBOOK
999 _c698710
_d698707